| 000 | 00905ncm a22002415a 4500 | ||
|---|---|---|---|
| 001 | C00011469c | ||
| 005 | 20241029143126.0 | ||
| 008 | 950810s1891 ddrmtb n 1 ger d | ||
| 080 | _a785.1.083.3 | ||
| 100 | 1 |
_aRimsky-Korsakov, Nikolay Andreyevich ( _d1844-1908) _97164 |
|
| 245 | 1 | 0 |
_aCapriccio espagnol für grosses Orchester, op. 34 / _cvon N. Rimsky Korsakow. |
| 254 | _a[Kleine Partitur]. | ||
| 260 |
_aLeipzig : _bErnst Eulenburg, _c[d. 1891] |
||
| 300 |
_aPartitura (93 p.) ; _c19 cm + _eFolleto catálogo de librería editorial. |
||
| 490 | 0 |
_aEulenburg´s kleine Partitur Ausgabe ; _v842 |
|
| 500 | _aN. pl. : 3220. | ||
| 500 | _aFecha de publicación tomada de "The new Grove dictionary of music and musicians", vol. 6, Stanley Sadie 1980. | ||
| 500 | _aLegado Pérez Casas. | ||
| 650 | 1 | 4 |
_aMúsica para Orquesta. _98247 |
| 852 | 4 | _jM-2382 | |
| 999 |
_c11261 _d11261 |
||